| 000 | 00643nam a22001937a 4500 | ||
|---|---|---|---|
| 005 | 2011121907307.0 | ||
| 020 |
_a8186838295 _c75.00 |
||
| 020 |
_a9788186838297 _c75.00 |
||
| 037 | _bPUB | ||
| 100 |
_aNaidu, Vayu _942315 |
||
| 245 |
_aA folktale from Tamilnadu magic vessels / _cby Vayu Naidu; art by Mugdha Shah |
||
| 260 |
_aChennai _bTulika Publishers _c2009 |
||
| 270 |
_a13, Prithvi Avenue, Abhiramaouram _bChennai _e600 018 |
||
| 300 |
_aunpaged _bill. _c23cm(pbk) |
||
| 650 |
_aStories _9938 |
||
| 700 |
_a Shah, Mugdha _937103 |
||
| 942 |
_2ddc _cCH _mNAI |
||
| 999 |
_c59600 _d59600 |
||